00293nam a22001217a 4500003000400000005001700004008004100021020001800062040000700080082001000087100001100097245006300108OSt20220218094318.0220218b |||||||| |||| 00| 0 eng d a9788131505410 cHU a658.7 aWisner aPrinciples Of Supply Chanin Management A Balanced Approach